| 000 | 00860nam a2200205Ia 4500 | ||
|---|---|---|---|
| 003 | OSt | ||
| 005 | 20250714122815.0 | ||
| 008 | 210210b2003 xxu||||| |||| 00| 0 eng d | ||
| 040 | _cAL | ||
| 041 | _aKannada | ||
| 082 | _aK894.8 SAMA | ||
| 100 |
_aSAMAGRA DASA SAHITYA. _9151133 _dಸಮಗ್ರ ದಾಸ ಸಾಹಿತ್ಯ |
||
| 245 |
_aSamagra dasa sahitya: samputa; 20, Sindagi sampradayada hagu ithara santa kavigala kirtanegalu. _bಸಮಗ್ರ ದಾಸ ಸಾಹಿತ್ಯ : ಸಂಪುಟ ೨೦, ಸಿಂದಗಿ ಸಂಪ್ರದಾಯದ ಹಾಗು ಇತರ ಸಂತ ಕವಿಗಳ ಕೀರ್ತನೆಗಳು |
||
| 260 |
_aBengaluru _bKannada mattu Samskrati Nirdeshanalalya _c2003 |
||
| 300 | _a84,311 | ||
| 650 |
_aDasasahitya _9151134 |
||
| 690 |
_aKannada Miscellaneous _9151135 |
||
| 906 | _a059394 | ||
| 942 |
_2ddc _cBK |
||
| 999 |
_c106324 _d106324 |
||